| 000 -GUIDE |
| Champ de contrôle de longueur fixe |
00977nam a22002417a 4500 |
| 003 - IDENTITÉ DU NUMÉRO DE CONTRÔLE |
| Champ de contrôle |
BI-BuBU |
| 008 - ÉLÉMENTS DE LONGUEUR FIXE - RENSEIGNEMENTS GÉNÉRAUX |
| Champ de contrôle de longueur fixe |
091210t xxu||||dr|||| 000 0dfre d |
| 020 ## - INTERNATIONAL STANDARD BOOK NUMBER |
| ISBN |
1887531300 |
| 037 ## - SOURCE D'ACQUISITION |
| Source d'acquisition et du numéro d'inventaire |
Don du BSP |
| 039 ## - NIVEAU DE CONTRÔLE BIBLIOGRAPHIQUE ET HISTORIQUE D'ENCODAGE [OBSOLETE] |
| Nom catalographe |
bb |
| Date modification |
2011103108228.0 |
| Nom catalographe |
Béatrice Barankeba |
| 040 ## - SOURCE DU CATALOGAGE |
| Organisme qui a effectué le catalogage original |
BI-BuBU |
| Code de la langue utilisée dans le catalogage |
fre |
| Organisme qui a effectué la transcription |
BI-BuBU |
| 080 ## - INDICE DE LA CLASSIFICATION DÉCIMALE UNIVERSELLE (CDU) |
| Indice de la Classification décimale universelle |
339.5 STO. |
| 100 1# - VEDETTE PRINCIPALE - NOM DE PERSONNE |
| Code de relation |
aut |
| Nom de personne |
Stone, Ralph |
| 245 10 - MENTION DU TITRE |
| Titre |
Quel est votre rôle ? |
| Reste du titre |
la formation et son incidence sur l'organisation : guide à l'intention des responsables de la formation à la gestion des aires protégées |
| Mention de responsabilité, etc. |
Ralph Stone ; réd. par Jared Crawford |
| 260 ## - PUBLICATION, DIFFUSION, ETC. (ADRESSE BIBLIOGRAPHIQUE) |
| Lieu de publication, diffusion, etc. |
Washington |
| Nom de l'éditeur, diffuseur, etc. |
BSP |
| 300 ## - DESCRIPTION MATÉRIELLE |
| Collation |
Pagination multiple |
| Autres caractéristiques matérielles |
ill., couv. ill. en coul. |
| 504 ## - NOTE DE BIBLIOGRAPHIE ET INDEX. |
| Note de bibliographie et index. |
Bibliogr. |
| 650 #7 - VEDETTE-MATIÈRE - NOM COMMUN |
| Source du terme |
BI-BuBU |
| Vedette de sujet ou vedette comportant un nom géographique |
Formation |
| 9 (RLIN) |
7995 |
| Subdivision générale |
Organisation |
| -- |
Aire protégée |
| Subdivision géographique |
Afrique |
| 700 1# - VEDETTE SECONDAIRE - NOM DE PERSONNE |
| Code de relation |
red |
| Nom d'auteur |
Crawford, Jared |
| 9 (RLIN) |
44861 |
| 942 ## - ÉLÉMENTS D'ENTRÉE ADDITIONNELLE (KOHA) |
| Source de la classification ou du système de rangement |
|
| Type d item koha |
BOOK |